| 000 | 00370nam a2200133Ia 4500 | ||
|---|---|---|---|
| 005 | 20251222144654.0 | ||
| 008 | 251222s9999||||xx |||||||||||||| ||spa|| | ||
| 020 | _a950-808-460-X | ||
| 082 | _a001.420.7/E18 | ||
| 100 | _aEchevarría, Hugo Darío | ||
| 245 | 0 | _aLos diseños de investigación y su implementación en educación | |
| 264 | _bHomo Sapiens | ||
| 942 | _cLIB | ||
| 999 |
_c17173 _d17173 |
||